000 02195nam a2200253Ia 4500
999 _c45454
_d45454
001 12279
003 GE_BSU
005 20240703172846.0
008 181216s2014||||geo|||||||||||||| ||ge ||
020 _a9789941434785
040 _cGE_BSU
041 _ageo
080 _a821.353.1-92+821.353.1-6 ბ-44
245 _aგამონათლევი :
_bI სამეცნიერო და მხატვრულ-პუბლიცისტური წერილების კრებული /
_cბათუმის შ. რუსთაველის სახელმწ. უნ-ტი, ნიკო ბერძენიშვილის ინ-ტი ; მთავარი რედაქტორი ალიოშა ბაკურიძე.
264 _aბათუმი :
_bბათუმის შოთა რუსთაველის სახ.უნ-ტი,
_c2014.
300 _a624 გვ. ;
_c30 სმ.
500 _aკრებული ეძღვნება სრულიად საქ-ოს კათოლიკოს-პატრიარქის,უწმინდესის და უნეტარესის ილია მეორის დაბადებიდან 80 და აჭარის დედასამშობლოსთან დაბრუნების 135 წლისთავს
520 _aკრებული ეძღვნება სრულიად საქ-ოს კათოლიკოს-პატრიარქის,უწმინდესის და უნეტარესის ილია მეორის დაბადებიდან 80 და აჭარის დედასამშობლოსთან დაბრუნების 135 წლისთავს.
541 _h20ლ.
653 _aგამონათლევი
653 _aI სამეცნიერო და მხატვრულ პუბლიცისტური წერილების კრებული
700 _aბაკურიძე, ალიოშა
_eმთავარი რედაქტორი
_922702
942 _cBK
_2udc